000 00579nam a2200205Ia 4500
005 20250326141402.0
008 250326s9999 xx 000 0 und d
020 _a0-87692-724-10
037 _aTextbook
040 _aFMSL
_beng
_cFMSL
041 _aeng
_2eng
084 _aX:321:(SNI) NI;2
_qFMSL
100 _aSchiffman L G
_9735236
245 0 _aConsumer Behavior
_cSchiffman L G; Kanuk L L
250 _a4
260 _aNew Delhi
_bNew Delhi, Prentice-Hall
_c1991
300 _axxii, 680
942 _cTB
_hX:321:(SNI) NI;2
999 _c1290055
_d1290055